Slovalco výročná správa 2001

Salvato in:
Dettagli Bibliografici
Natura: Libro
Lingua:slovacco
inglese
Pubblicazione: Žiar nad Hronom SLOVALCO, a.s. 2002
Soggetti:
Tags: Aggiungi Tag
Nessun Tag, puoi essere il primo ad aggiungerne!!

MARC

LEADER 00000nam$a2200000$$$4500
001 0003946
005 20240108123748.9
041 0 |a slo 
041 0 |a eng 
044 |a SK 
245 1 0 |a Slovalco  |b výročná správa 2001 
264 1 |a Žiar nad Hronom  |b SLOVALCO, a.s.  |c 2002 
300 |a 35 s. 
610 2 0 |a hlinikárne 
610 2 0 |a hliník 
610 2 0 |a hutníctvo 
610 2 0 |a metalurgia 
610 2 0 |a imanie 
610 2 0 |a štruktúra organizačná 
610 2 0 |a manažment 
610 2 0 |a produkty 
610 2 0 |a kvalita 
610 2 0 |a prostredie životné 
610 2 0 |a ochrana zdravia 
610 2 0 |a zdroje ľudské 
610 2 0 |a investície 
610 2 0 |a sponzorovanie 
610 2 0 |a obchod 
610 2 0 |a výsledok hospodársky 
610 2 0 |a výkazy finančné 
610 2 0 |a audit